000
00295nam a22001337a 4500
082
_a
425
_b
SAN/G
100
_a
SANKARANARAYANAN, K
245
_a
GRAMMAR
246
_a
GRAMMAR
_b
GRAMMAR
260
_a
NEW YORK
_b
SCHOLASTICS
300
_a
84
650
_a
ONE-WORD ANTONYMS
_z
TRIVANDRUM
942
_c
BK
999
_c
4113
_d
4113